| 000 | 00651nam a22001937a 4500 | ||
|---|---|---|---|
| 999 |
_c20829 _d20829 |
||
| 003 | BDDh-ASL | ||
| 005 | 20231015025936.0 | ||
| 008 | 210114s1964 enk||||| |||| 00| 0 eng d | ||
| 040 | _cBDDh-ASL | ||
| 082 |
_a297.2 _bNAI |
||
| 100 | 1 |
_92761 _aNasr, Seyyed Hossein |
|
| 245 | 1 | 3 | _aAn Introduction to Islamic Cosmological Docrtines / |
| 260 |
_aLondon: _bThe Belknap Press, _c1964. |
||
| 300 |
_a312 p.: _c24 cm. |
||
| 504 | _aInclude Bibliographical References and Index | ||
| 650 | 0 |
_aReligion, ধর্ম, Dharma, faith, creed, law, worship, property, আস্তিকতা, দীন _92606 |
|
| 650 | 0 |
_91652 _aIslam |
|
| 942 |
_2ddc _cBK |
||